[Event "DEM U12w 2025"]
[Site "Willingen GER"]
[Date "2025.06.14"]
[Round "9"]
[White "Greither, Flora"]
[Black "Alnajjar, Sara"]
[Result "1-0"]
[Termination "normal"]
[Board "13"]
[WhiteElo "1562"]
[BlackElo "1565"]
[WhiteClock "00:46:10"]
[BlackClock "00:44:18"]
[PlyCount "79"]
[WhiteFideId "533000697"]
[BlackFideId "34668659"]
[EventCountry "GER"]
[EventRounds "9"]
[EventType "swiss"]
[EventDate "2025.06.07"]

1. d4 {[%clk 01:30:56]} {[%emt 00:00:03]} d5 {[%clk 01:30:51]} {[%emt
00:00:09]} 2. c4 {[%clk 01:31:19]} {[%emt 00:00:06]} e6 {[%clk 01:31:16]}
{[%emt 00:00:06]} 3. Nc3 {[%clk 01:31:39]} {[%emt 00:00:10]} Nf6 {[%clk
01:31:41]} {[%emt 00:00:06]} 4. cxd5 {[%clk 01:31:54]} {[%emt 00:00:15]} exd5
{[%clk 01:32:04]} {[%emt 00:00:06]} 5. Bg5 {[%clk 01:32:09]} {[%emt 00:00:14]}
Be7 {[%clk 01:32:28]} {[%emt 00:00:07]} 6. e3 {[%clk 01:32:26]} {[%emt
00:00:13]} O-O {[%clk 01:32:39]} {[%emt 00:00:20]} 7. Bd3 {[%clk 01:32:50]}
{[%emt 00:00:05]} Nbd7 {[%clk 01:33:01]} {[%emt 00:00:08]} 8. Nge2 {[%clk
01:33:01]} {[%emt 00:00:19]} c6 {[%clk 01:33:18]} {[%emt 00:00:13]} 9. O-O
{[%clk 01:33:10]} {[%emt 00:00:21]} Re8 {[%clk 01:33:39]} {[%emt 00:00:10]} 10.
Re1 {[%clk 01:33:00]} {[%emt 00:00:40]} a5 {[%clk 01:33:49]} {[%emt 00:00:20]}
11. f3 {[%clk 01:32:30]} {[%emt 00:01:00]} Bd6 {[%clk 01:32:55]} {[%emt
00:01:23]} 12. Bf4 {[%clk 01:28:57]} {[%emt 00:04:03]} Bxf4 {[%clk 01:30:30]}
{[%emt 00:02:56]} 13. Nxf4 {[%clk 01:29:17]} {[%emt 00:00:10]} b5 {[%clk
01:28:36]} {[%emt 00:02:24]} 14. a3 {[%clk 01:27:57]} {[%emt 00:01:51]} Nb6
{[%clk 01:28:38]} {[%emt 00:00:27]} 15. Qd2 {[%clk 01:21:57]} {[%emt 00:06:29]}
Bb7 {[%clk 01:23:55]} {[%emt 00:05:13]} 16. Qf2 {[%clk 01:21:30]} {[%emt
00:00:57]} Qc7 {[%clk 01:16:57]} {[%emt 00:07:28]} 17. Nfe2 {[%clk 01:21:00]}
{[%emt 00:01:01]} Nc4 {[%clk 01:14:28]} {[%emt 00:02:59]} 18. Ng3 {[%clk
01:21:14]} {[%emt 00:00:15]} a4 {[%clk 01:13:18]} {[%emt 00:01:41]} 19. e4
{[%clk 01:13:01]} {[%emt 00:08:42]} g6 {[%clk 01:05:35]} {[%emt 00:08:13]} 20.
e5 {[%clk 01:12:59]} {[%emt 00:00:32]} Nd7 {[%clk 01:01:21]} {[%emt 00:04:44]}
21. f4 {[%clk 01:12:44]} {[%emt 00:00:45]} f5 {[%clk 01:00:06]} {[%emt
00:01:46]} 22. exf6 {[%clk 01:11:03]} {[%emt 00:02:26]} Nxf6 {[%clk 01:00:07]}
{[%emt 00:00:29]} 23. f5 {[%clk 01:07:19]} {[%emt 00:04:13]} g5 {[%clk
00:57:44]} {[%emt 00:02:53]} 24. Bxc4 {[%clk 01:04:51]} {[%emt 00:02:59]} dxc4
{[%clk 00:57:56]} {[%emt 00:00:18]} 25. Nge4 {[%clk 01:04:29]} {[%emt
00:00:52]} Nxe4 {[%clk 00:53:20]} {[%emt 00:05:05]} 26. Nxe4 {[%clk 01:04:48]}
{[%emt 00:00:10]} Qe7 {[%clk 00:52:38]} {[%emt 00:01:12]} 27. f6 {[%clk
01:04:52]} {[%emt 00:00:26]} Qd7 {[%clk 00:52:45]} {[%emt 00:00:21]} 28. Nxg5
{[%clk 01:04:25]} {[%emt 00:00:59]} Kh8 {[%clk 00:51:50]} {[%emt 00:01:25]} 29.
Qh4 {[%clk 01:02:24]} {[%emt 00:02:20]} Rxe1+ {[%clk 00:49:08]} {[%emt
00:03:24]} 30. Rxe1 {[%clk 01:02:47]} {[%emt 00:00:07]} Rd8 {[%clk 00:48:02]}
{[%emt 00:01:35]} 31. Kh1 {[%clk 01:01:58]} {[%emt 00:01:19]} Rf8 {[%clk
00:47:38]} {[%emt 00:00:53]} 32. h3 {[%clk 01:00:48]} {[%emt 00:01:41]} c5
{[%clk 00:45:41]} {[%emt 00:02:28]} 33. Re7 {[%clk 01:00:41]} {[%emt 00:00:33]}
Bxg2+ {[%clk 00:44:34]} {[%emt 00:01:40]} 34. Kxg2 {[%clk 01:00:29]} {[%emt
00:00:42]} Qd5+ {[%clk 00:44:39]} {[%emt 00:00:25]} 35. Nf3 {[%clk 01:00:06]}
{[%emt 00:00:52]} Rg8+ {[%clk 00:44:55]} {[%emt 00:00:15]} 36. Kf2 {[%clk
01:00:02]} {[%emt 00:00:34]} Qf5 {[%clk 00:44:46]} {[%emt 00:00:38]} 37. f7
{[%clk 00:46:38]} {[%emt 00:13:55]} Qc2+ {[%clk 00:44:58]} {[%emt 00:00:18]}
38. Ke3 {[%clk 00:46:03]} {[%emt 00:01:00]} cxd4+ {[%clk 00:44:04]} {[%emt
00:01:29]} 39. Qxd4+ {[%clk 00:46:10]} {[%emt 00:00:23]} Rg7 {[%clk 00:44:18]}
{[%emt 00:00:16]} 40. f8=Q# {[%emt 00:00:08]} 1-0

[Event "DEM U12w 2025"]
[Site "Willingen GER"]
[Date "2025.06.14"]
[Round "9"]
[White "Sniegowski, Victoria"]
[Black "Guruprasad, Aditi"]
[Result "0-1"]
[Termination "normal"]
[Board "14"]
[WhiteElo "1525"]
[BlackElo "1495"]
[WhiteClock "01:03:05"]
[BlackClock "00:25:08"]
[PlyCount "90"]
[WhiteFideId "34675612"]
[BlackFideId "533043280"]
[EventCountry "GER"]
[EventRounds "9"]
[EventType "swiss"]
[EventDate "2025.06.07"]

1. e4 {[%clk 01:30:58]} {[%emt 00:00:01]} c6 {[%clk 01:30:56]} {[%emt
00:00:05]} 2. d4 {[%clk 01:31:19]} {[%emt 00:00:08]} d5 {[%clk 01:31:21]}
{[%emt 00:00:05]} 3. e5 {[%clk 01:31:30]} {[%emt 00:00:19]} c5 {[%clk
01:31:44]} {[%emt 00:00:07]} 4. Nf3 {[%clk 01:31:41]} {[%emt 00:00:19]} cxd4
{[%clk 01:32:05]} {[%emt 00:00:09]} 5. Nxd4 {[%clk 01:31:45]} {[%emt 00:00:26]}
Nc6 {[%clk 01:32:27]} {[%emt 00:00:08]} 6. Nxc6 {[%clk 01:31:47]} {[%emt
00:00:29]} bxc6 {[%clk 01:32:52]} {[%emt 00:00:05]} 7. Bd3 {[%clk 01:31:35]}
{[%emt 00:00:41]} e6 {[%clk 01:32:08]} {[%emt 00:01:15]} 8. Nd2 {[%clk
01:29:36]} {[%emt 00:02:28]} Bc5 {[%clk 01:30:43]} {[%emt 00:01:54]} 9. Nb3
{[%clk 01:28:55]} {[%emt 00:01:12]} Bf8 {[%clk 01:27:14]} {[%emt 00:03:59]} 10.
Be3 {[%clk 01:25:47]} {[%emt 00:03:39]} Qc7 {[%clk 01:25:49]} {[%emt 00:01:54]}
11. f4 {[%clk 01:24:06]} {[%emt 00:02:11]} c5 {[%clk 01:23:20]} {[%emt
00:02:59]} 12. c4 {[%clk 01:21:26]} {[%emt 00:03:10]} d4 {[%clk 01:18:07]}
{[%emt 00:05:43]} 13. Bd2 {[%clk 01:19:58]} {[%emt 00:01:58]} Bb7 {[%clk
01:12:34]} {[%emt 00:06:03]} 14. O-O {[%clk 01:14:18]} {[%emt 00:06:10]} Ne7
{[%clk 01:10:10]} {[%emt 00:02:53]} 15. Qe2 {[%clk 01:10:23]} {[%emt 00:04:23]}
g6 {[%clk 01:10:30]} {[%emt 00:00:12]} 16. Qf2 {[%clk 01:07:04]} {[%emt
00:03:49]} Bg7 {[%clk 01:10:30]} {[%emt 00:00:29]} 17. Qh4 {[%clk 01:04:33]}
{[%emt 00:02:54]} Nf5 {[%clk 01:04:06]} {[%emt 00:07:02]} 18. Ba5 {[%clk
00:53:29]} {[%emt 00:11:35]} Nxh4 {[%clk 01:04:17]} {[%emt 00:00:18]} 19. Bxc7
{[%clk 00:53:49]} {[%emt 00:00:10]} Rc8 {[%clk 00:54:23]} {[%emt 00:10:25]} 20.
Bd6 {[%clk 00:53:23]} {[%emt 00:00:55]} Bf8 {[%clk 00:53:43]} {[%emt 00:01:10]}
21. Bxf8 {[%clk 00:51:54]} {[%emt 00:01:59]} Kxf8 {[%clk 00:53:43]} {[%emt
00:00:30]} 22. Rf2 {[%clk 00:51:59]} {[%emt 00:00:25]} Nf5 {[%clk 00:51:07]}
{[%emt 00:03:06]} 23. Bxf5 {[%clk 00:51:51]} {[%emt 00:00:38]} exf5 {[%clk
00:51:10]} {[%emt 00:00:26]} 24. Rd1 {[%clk 00:51:45]} {[%emt 00:00:36]} Ke7
{[%clk 00:45:21]} {[%emt 00:06:20]} 25. Re2 {[%clk 00:48:04]} {[%emt 00:04:11]}
Rc7 {[%clk 00:42:54]} {[%emt 00:02:58]} 26. Rde1 {[%clk 00:46:46]} {[%emt
00:01:47]} Bc8 {[%clk 00:43:10]} {[%emt 00:00:14]} 27. h3 {[%clk 00:46:30]}
{[%emt 00:00:44]} Be6 {[%clk 00:42:54]} {[%emt 00:00:48]} 28. Nd2 {[%clk
00:46:29]} {[%emt 00:00:31]} Rb8 {[%clk 00:42:43]} {[%emt 00:00:42]} 29. b3
{[%clk 00:46:33]} {[%emt 00:00:25]} Rd8 {[%clk 00:37:47]} {[%emt 00:05:27]} 30.
Nf3 {[%clk 00:46:01]} h6 {[%clk 00:37:45]} {[%emt 00:01:33]} 31. h4 {[%emt
00:00:57]} a5 {[%clk 00:33:38]} {[%emt 00:04:34]} 32. a4 {[%clk 00:44:13]}
{[%emt 00:01:54]} Rb7 {[%clk 00:30:37]} {[%emt 00:03:32]} 33. Rb2 {[%clk
00:43:22]} {[%emt 00:01:21]} Rdb8 {[%clk 00:24:26]} {[%emt 00:06:40]} 34. Nd2
{[%clk 00:42:54]} {[%emt 00:00:58]} Rb4 {[%clk 00:23:16]} {[%emt 00:01:41]} 35.
Reb1 {[%clk 00:39:33]} {[%emt 00:03:51]} Bd7 {[%clk 00:23:24]} {[%emt
00:00:21]} 36. Nf3 {[%emt 00:08:32]} Bxa4 {[%clk 00:16:22]} {[%emt 00:00:25]}
37. Ra1 {[%clk 00:38:44]} {[%emt 00:00:25]} Bxb3 {[%clk 00:13:12]} {[%emt
00:03:39]} 38. Rxa5 {[%clk 00:39:04]} {[%emt 00:00:10]} Bxc4 {[%clk 00:10:32]}
{[%emt 00:03:10]} 39. Rxb4 {[%emt 00:00:59]} Rxb4 {[%clk 00:08:26]} {[%emt
00:01:55]} 40. Rxc5 {[%emt 00:03:32]} Be2 {[%clk 00:06:23]} {[%emt 00:00:29]}
41. Rc2 {[%clk 00:35:57]} {[%emt 00:02:51]} d3 {[%clk 00:05:27]} {[%emt
00:01:27]} 42. Rd2 {[%clk 00:36:06]} {[%emt 00:00:19]} Rxf4 {[%clk 00:05:36]}
{[%emt 00:00:21]} 43. Kf2 {[%clk 00:35:28]} {[%emt 00:01:09]} Rc4 {[%clk
00:29:26]} {[%emt 00:06:35]} 44. g3 {[%clk 01:03:42]} {[%emt 00:02:21]} Rc2
{[%clk 00:29:34]} {[%emt 00:00:22]} 45. Ke3 {[%clk 01:03:05]} Bxf3 {[%clk
00:25:08]} {[%emt 00:06:03]} 0-1

[Event "DEM U12w 2025"]
[Site "Willingen GER"]
[Date "2025.06.14"]
[Round "9"]
[White "Georgieva, Teodora"]
[Black "Naz Öksüz, Meryem"]
[Result "1-0"]
[Termination "normal"]
[Board "15"]
[WhiteElo "1124"]
[BlackElo "1393"]
[WhiteClock "01:01:55"]
[BlackClock "01:19:23"]
[PlyCount "115"]
[WhiteFideId "34679375"]
[BlackFideId "533025860"]
[EventCountry "GER"]
[EventRounds "9"]
[EventType "swiss"]
[EventDate "2025.06.07"]

1. e4 {[%clk 01:30:58]} {[%emt 00:00:01]} d5 {[%clk 01:30:54]} {[%emt
00:00:07]} 2. exd5 {[%clk 01:31:23]} {[%emt 00:00:05]} Qxd5 {[%clk 01:31:20]}
{[%emt 00:00:03]} 3. Nc3 {[%clk 01:31:48]} {[%emt 00:00:05]} Qd6 {[%clk
01:31:41]} {[%emt 00:00:09]} 4. d4 {[%clk 01:31:51]} {[%emt 00:00:26]} Nf6
{[%clk 01:31:55]} {[%emt 00:00:16]} 5. Nf3 {[%clk 01:32:05]} {[%emt 00:00:16]}
c6 {[%clk 01:31:57]} {[%emt 00:00:28]} 6. Be3 {[%clk 01:28:16]} {[%emt
00:04:19]} Bg4 {[%clk 01:31:41]} {[%emt 00:00:46]} 7. h3 {[%clk 01:28:30]}
{[%emt 00:00:16]} Bh5 {[%clk 01:32:05]} {[%emt 00:00:06]} 8. Be2 {[%clk
01:28:27]} {[%emt 00:00:34]} Bg6 {[%clk 01:31:32]} {[%emt 00:01:03]} 9. Qd2
{[%clk 01:28:19]} {[%emt 00:00:39]} e6 {[%clk 01:31:10]} {[%emt 00:00:51]} 10.
Bf4 {[%clk 01:26:56]} {[%emt 00:01:53]} Qd8 {[%clk 01:31:17]} {[%emt 00:00:24]}
11. Ne5 {[%clk 01:24:52]} {[%emt 00:02:34]} Bd6 {[%clk 01:28:09]} {[%emt
00:03:34]} 12. Nxg6 {[%clk 01:24:06]} {[%emt 00:01:19]} hxg6 {[%clk 01:28:30]}
{[%emt 00:00:09]} 13. O-O-O {[%clk 01:23:54]} {[%emt 00:00:42]} Bxf4 {[%clk
01:26:13]} {[%emt 00:02:46]} 14. Qxf4 {[%clk 01:24:09]} {[%emt 00:00:17]} Kf8
{[%clk 01:25:38]} {[%emt 00:01:04]} 15. Rd3 {[%clk 01:18:22]} {[%emt 00:06:17]}
b5 {[%clk 01:25:13]} {[%emt 00:00:56]} 16. Rf3 {[%clk 01:17:49]} {[%emt
00:01:03]} Qd7 {[%clk 01:22:43]} {[%emt 00:02:51]} 17. h4 {[%clk 01:12:29]}
{[%emt 00:05:59]} Kg8 {[%clk 01:16:55]} {[%emt 00:06:17]} 18. g4 {[%clk
01:10:07]} {[%emt 00:02:52]} a5 {[%clk 01:15:23]} {[%emt 00:02:02]} 19. h5
{[%clk 01:05:21]} {[%emt 00:05:17]} gxh5 {[%clk 01:15:13]} {[%emt 00:00:40]}
20. gxh5 {[%clk 01:05:42]} {[%emt 00:00:09]} Nxh5 {[%clk 01:15:34]} {[%emt
00:00:10]} 21. Rfh3 {[%clk 01:06:06]} {[%emt 00:00:06]} g6 {[%clk 01:14:48]}
{[%emt 00:01:08]} 22. Bxh5 {[%clk 01:06:21]} {[%emt 00:00:22]} gxh5 {[%clk
01:15:06]} {[%emt 00:00:12]} 23. Rxh5 {[%clk 01:05:08]} {[%emt 00:01:44]} Rxh5
{[%clk 01:14:35]} {[%emt 00:01:01]} 24. Rxh5 {[%clk 01:05:31]} {[%emt
00:00:06]} Kf8 {[%clk 01:14:58]} {[%emt 00:00:05]} 25. Rh8+ {[%clk 01:05:49]}
{[%emt 00:00:14]} Ke7 {[%clk 01:15:13]} {[%emt 00:00:15]} 26. Rxb8 {[%clk
01:06:00]} {[%emt 00:00:19]} Rxb8 {[%clk 01:15:01]} {[%emt 00:00:42]} 27. Qxb8
{[%clk 01:06:23]} {[%emt 00:00:08]} Qxd4 {[%clk 01:14:57]} {[%emt 00:00:29]}
28. Qc7+ {[%clk 01:05:59]} {[%emt 00:00:58]} Kf6 {[%clk 01:15:06]} {[%emt
00:00:16]} 29. Qxc6 {[%clk 01:04:52]} {[%emt 00:01:43]} Qf4+ {[%clk 01:15:02]}
{[%emt 00:00:27]} 30. Kb1 {[%clk 01:04:58]} {[%emt 00:00:30]} Qe5 {[%clk
01:14:34]} {[%emt 00:00:50]} 31. Qf3+ {[%clk 01:02:44]} {[%emt 00:02:52]} Ke7
{[%clk 01:14:33]} {[%emt 00:00:26]} 32. Qe3 {[%clk 01:01:59]} {[%emt 00:01:20]}
Qh5 {[%clk 01:13:50]} {[%emt 00:01:07]} 33. a3 {[%clk 01:01:33]} {[%emt
00:01:02]} Kf8 {[%clk 01:14:00]} {[%emt 00:00:18]} 34. Qe2 {[%clk 01:00:48]}
{[%emt 00:01:17]} Qh1+ {[%clk 01:14:01]} {[%emt 00:00:27]} 35. Qd1 {[%clk
00:59:58]} {[%emt 00:01:21]} Qh4 {[%clk 01:11:55]} {[%emt 00:02:28]} 36. Nxb5
{[%clk 00:59:27]} {[%emt 00:01:11]} Qxf2 {[%clk 01:12:00]} {[%emt 00:00:25]}
37. Qd8+ {[%clk 00:59:02]} {[%emt 00:00:55]} Kg7 {[%clk 01:12:22]} {[%emt
00:00:07]} 38. Qd4+ {[%clk 00:58:10]} {[%emt 00:01:22]} Qxd4 {[%clk 01:12:40]}
{[%emt 00:00:13]} 39. Nxd4 {[%clk 00:58:34]} {[%emt 00:00:06]} e5 {[%clk
01:13:06]} {[%emt 00:00:03]} 40. Ne2 {[%clk 00:58:51]} {[%emt 00:00:13]} f5
{[%clk 01:13:30]} {[%emt 00:00:06]} 41. c4 {[%clk 00:58:46]} {[%emt 00:00:35]}
Kf6 {[%clk 01:13:56]} {[%emt 00:00:05]} 42. Kc2 {[%clk 00:59:01]} {[%emt
00:00:15]} Ke6 {[%clk 01:14:20]} {[%emt 00:00:05]} 43. b4 {[%clk 00:58:58]}
{[%emt 00:00:33]} axb4 {[%clk 01:14:39]} {[%emt 00:00:11]} 44. axb4 {[%clk
00:58:03]} {[%emt 00:01:25]} Kd6 {[%clk 01:15:05]} {[%emt 00:00:05]} 45. Kd3
{[%clk 00:58:16]} {[%emt 00:00:17]} Kc6 {[%clk 01:15:09]} {[%emt 00:00:26]} 46.
Ke3 {[%clk 00:58:35]} {[%emt 00:00:11]} Kd6 {[%clk 01:15:31]} {[%emt 00:00:08]}
47. Kf3 {[%clk 00:58:49]} {[%emt 00:00:16]} Kc6 {[%clk 01:15:37]} {[%emt
00:00:24]} 48. Kg3 {[%clk 00:59:12]} {[%emt 00:00:07]} Kd6 {[%clk 01:16:01]}
{[%emt 00:00:07]} 49. Kh4 {[%clk 00:59:32]} {[%emt 00:00:10]} e4 {[%clk
01:16:22]} {[%emt 00:00:09]} 50. Kg5 {[%clk 00:59:49]} {[%emt 00:00:12]} Ke5
{[%clk 01:16:37]} {[%emt 00:00:13]} 51. b5 {[%clk 01:00:08]} {[%emt 00:00:14]}
Kd6 {[%clk 01:17:02]} {[%emt 00:00:05]} 52. Kxf5 {[%clk 01:00:01]} {[%emt
00:00:36]} Kc5 {[%clk 01:17:21]} {[%emt 00:00:12]} 53. Kxe4 {[%clk 01:00:21]}
{[%emt 00:00:09]} Kb6 {[%clk 01:17:47]} {[%emt 00:00:04]} 54. Kd5 {[%clk
01:00:35]} {[%emt 00:00:16]} Kc7 {[%clk 01:18:10]} {[%emt 00:00:07]} 55. c5
{[%clk 01:00:57]} {[%emt 00:00:09]} Kb7 {[%clk 01:18:34]} {[%emt 00:00:06]} 56.
Kd6 {[%clk 01:01:18]} {[%emt 00:00:09]} Kc8 {[%clk 01:18:59]} {[%emt 00:00:05]}
57. Kc6 {[%clk 01:01:35]} {[%emt 00:00:13]} Kb8 {[%clk 01:19:23]} {[%emt
00:00:06]} 58. Kd7 {[%clk 01:01:55]} {[%emt 00:00:10]} 1-0

[Event "DEM U12w 2025"]
[Site "Willingen GER"]
[Date "2025.06.14"]
[Round "9"]
[White "Kühn, Nicole"]
[Black "Zietz, Leni"]
[Result "1/2-1/2"]
[Termination "normal"]
[Board "17"]
[WhiteElo "1596"]
[BlackElo "1113"]
[WhiteClock "00:16:07"]
[BlackClock "00:48:26"]
[PlyCount "50"]
[WhiteFideId "34610510"]
[BlackFideId "533025886"]
[EventCountry "GER"]
[EventRounds "9"]
[EventType "swiss"]
[EventDate "2025.06.07"]

1. e4 {[%clk 01:30:40]} {[%emt 00:00:18]} c5 {[%clk 01:30:56]} {[%emt
00:00:05]} 2. Nf3 {[%clk 01:30:41]} {[%emt 00:00:29]} d6 {[%clk 01:31:19]}
{[%emt 00:00:07]} 3. Bb5+ {[%clk 01:30:54]} {[%emt 00:00:17]} Bd7 {[%clk
01:31:43]} {[%emt 00:00:06]} 4. Bxd7+ {[%clk 01:30:16]} {[%emt 00:01:08]} Qxd7
{[%clk 01:32:04]} {[%emt 00:00:09]} 5. O-O {[%clk 01:29:45]} {[%emt 00:01:01]}
Nc6 {[%clk 01:32:24]} {[%emt 00:00:10]} 6. c3 {[%clk 01:29:14]} {[%emt
00:01:01]} Nf6 {[%clk 01:32:22]} {[%emt 00:00:30]} 7. Re1 {[%clk 01:27:57]}
{[%emt 00:01:48]} e6 {[%clk 01:32:40]} {[%emt 00:00:12]} 8. d4 {[%clk
01:25:08]} {[%emt 00:03:20]} cxd4 {[%clk 01:32:51]} {[%emt 00:00:19]} 9. cxd4
{[%clk 01:24:04]} {[%emt 00:01:34]} d5 {[%clk 01:32:32]} {[%emt 00:00:49]} 10.
e5 {[%clk 01:21:03]} {[%emt 00:03:31]} Ne4 {[%clk 01:32:36]} {[%emt 00:00:26]}
11. a3 {[%clk 01:17:57]} {[%emt 00:03:37]} a5 {[%clk 01:31:42]} {[%emt
00:01:23]} 12. Nc3 {[%clk 01:14:24]} {[%emt 00:04:03]} Nxc3 {[%clk 01:31:34]}
{[%emt 00:00:38]} 13. bxc3 {[%clk 01:14:08]} {[%emt 00:00:47]} Be7 {[%clk
01:30:49]} {[%emt 00:01:14]} 14. Bf4 {[%clk 01:08:08]} {[%emt 00:06:31]} a4
{[%emt 00:05:06]} 15. Qc1 {[%clk 01:00:36]} {[%emt 00:06:37]} Na5 {[%clk
01:26:56]} {[%emt 00:01:11]} 16. Nd2 {[%clk 00:56:33]} {[%emt 00:04:33]} Rc8
{[%clk 01:24:40]} {[%emt 00:02:46]} 17. Qb2 {[%clk 00:52:51]} {[%emt 00:04:12]}
O-O {[%clk 01:22:16]} {[%emt 00:02:54]} 18. Reb1 {[%clk 00:49:21]} {[%emt
00:04:01]} Rc6 {[%clk 01:19:01]} {[%emt 00:03:44]} 19. Qb5 {[%clk 00:46:09]}
{[%emt 00:03:41]} Qc7 {[%clk 01:14:10]} {[%emt 00:05:17]} 20. Qxa4 {[%clk
00:35:05]} {[%emt 00:11:39]} Rxc3 {[%clk 01:09:59]} {[%emt 00:04:40]} 21. Nf3
{[%clk 00:30:32]} {[%emt 00:05:03]} Ra8 {[%clk 01:01:27]} {[%emt 00:08:57]} 22.
Bd2 {[%clk 00:21:43]} {[%emt 00:09:25]} Rc4 {[%clk 00:55:54]} {[%emt 00:05:51]}
23. Qb5 {[%clk 00:19:16]} {[%emt 00:03:10]} Ra7 {[%clk 00:52:08]} {[%emt
00:04:15]} 24. Rc1 {[%clk 00:17:11]} {[%emt 00:02:35]} h6 {[%clk 00:48:26]}
{[%emt 00:04:12]} 25. h3 {[%clk 00:16:07]} {[%emt 00:01:34]} Qc6 {[%emt
00:14:29]} 1/2-1/2

[Event "DEM U12w 2025"]
[Site "Willingen GER"]
[Date "2025.06.14"]
[Round "9"]
[White "Jänsch, Layla"]
[Black "Bacakova, Klara"]
[Result "1/2-1/2"]
[Termination "normal"]
[Board "18"]
[WhiteElo "1095"]
[BlackElo "1571"]
[WhiteClock "00:12:26"]
[BlackClock "00:11:07"]
[PlyCount "63"]
[WhiteFideId "533043477"]
[BlackFideId "34605762"]
[EventCountry "GER"]
[EventRounds "9"]
[EventType "swiss"]
[EventDate "2025.06.07"]

1. e4 {[%clk 01:30:49]} {[%emt 00:00:11]} c5 {[%clk 01:30:55]} {[%emt
00:00:06]} 2. Nf3 {[%clk 01:30:48]} {[%emt 00:00:30]} e6 {[%clk 01:31:17]}
{[%emt 00:00:09]} 3. d3 {[%clk 01:30:57]} {[%emt 00:00:20]} Nc6 {[%clk
01:31:01]} {[%emt 00:00:46]} 4. Nbd2 {[%clk 01:29:31]} {[%emt 00:01:57]} d6
{[%clk 01:30:47]} {[%emt 00:00:44]} 5. g3 {[%clk 01:22:21]} {[%emt 00:07:39]}
b6 {[%clk 01:29:56]} {[%emt 00:01:22]} 6. c3 {[%clk 01:17:13]} {[%emt
00:05:37]} Nf6 {[%clk 01:26:36]} {[%emt 00:03:50]} 7. Bg2 {[%clk 01:07:40]}
{[%emt 00:10:02]} Bb7 {[%clk 01:19:42]} {[%emt 00:07:25]} 8. O-O {[%clk
01:03:31]} {[%emt 00:04:39]} Be7 {[%clk 01:18:45]} {[%emt 00:01:27]} 9. Re1
{[%clk 00:58:36]} {[%emt 00:05:25]} Qc7 {[%clk 01:17:49]} {[%emt 00:01:26]} 10.
Nb3 {[%clk 00:54:36]} {[%emt 00:04:29]} d5 {[%clk 01:10:39]} {[%emt 00:07:41]}
11. exd5 {[%clk 00:50:17]} {[%emt 00:04:49]} Nxd5 {[%clk 01:10:01]} {[%emt
00:01:08]} 12. c4 {[%clk 00:46:41]} {[%emt 00:04:08]} Nf6 {[%clk 01:07:46]}
{[%emt 00:02:43]} 13. d4 {[%clk 00:42:50]} {[%emt 00:04:20]} cxd4 {[%clk
01:05:33]} {[%emt 00:02:44]} 14. Nbxd4 {[%clk 00:41:00]} {[%emt 00:02:19]} O-O
{[%clk 01:00:17]} {[%emt 00:05:48]} 15. Bf4 {[%clk 00:37:22]} {[%emt 00:04:07]}
Qc8 {[%clk 00:56:00]} {[%emt 00:04:47]} 16. Nxc6 {[%clk 00:33:31]} {[%emt
00:04:21]} Bxc6 {[%clk 00:53:39]} {[%emt 00:02:52]} 17. Qc2 {[%clk 00:32:53]}
{[%emt 00:01:07]} h6 {[%clk 00:45:34]} {[%emt 00:08:36]} 18. h3 {[%clk
00:30:57]} {[%emt 00:02:26]} Qb7 {[%clk 00:43:16]} {[%emt 00:02:48]} 19. Qb3
{[%clk 00:26:06]} {[%emt 00:05:20]} Rfd8 {[%clk 00:40:44]} {[%emt 00:03:02]}
20. g4 {[%clk 00:24:40]} {[%emt 00:01:55]} Bd6 {[%clk 00:28:53]} {[%emt
00:12:23]} 21. Bxd6 {[%clk 00:23:29]} {[%emt 00:01:41]} Rxd6 {[%clk 00:28:46]}
{[%emt 00:00:37]} 22. Rad1 {[%clk 00:22:29]} {[%emt 00:01:25]} Rad8 {[%clk
00:28:14]} {[%emt 00:01:07]} 23. Rxd6 {[%clk 00:21:17]} {[%emt 00:01:41]} Rxd6
{[%clk 00:28:37]} {[%emt 00:00:07]} 24. Kh2 {[%clk 00:20:45]} {[%emt 00:01:02]}
Nd7 {[%clk 00:24:42]} {[%emt 00:04:25]} 25. Rd1 {[%clk 00:19:29]} {[%emt
00:01:46]} Nc5 {[%clk 00:19:06]} {[%emt 00:06:06]} 26. Qc2 {[%clk 00:18:12]}
{[%emt 00:01:45]} Rxd1 {[%clk 00:13:36]} {[%emt 00:06:03]} 27. Qxd1 {[%clk
00:18:13]} {[%emt 00:00:28]} Ne4 {[%clk 00:12:54]} {[%emt 00:01:12]} 28. Qe2
{[%clk 00:13:28]} {[%emt 00:05:13]} Nd6 {[%clk 00:12:38]} {[%emt 00:00:49]} 29.
b3 {[%clk 00:13:02]} {[%emt 00:00:56]} Qc7 {[%clk 00:12:41]} {[%emt 00:00:26]}
30. Qe5 {[%clk 00:12:15]} {[%emt 00:01:16]} Ne8 {[%clk 00:10:41]} {[%emt
00:02:32]} 31. Qxc7 {[%clk 00:12:26]} {[%emt 00:00:19]} Nxc7 {[%clk 00:11:07]}
{[%emt 00:00:04]} 32. Ne5 {[%emt 00:05:29]} 1/2-1/2